| 000 | 00963nam a22002895a 4500 | ||
|---|---|---|---|
| 005 | 20161115140746.0 | ||
| 008 | 161107s2015 nyua frb 001 0 eng d | ||
| 020 | _a9781501306518 | ||
| 040 |
_aEG-ScBUE _beng _cEG-ScBUE _dEG-ScBUE |
||
| 082 | 0 | 4 |
_a006.312 _bCOM _222 |
| 245 | 0 | 0 |
_aCompromised data : _bfrom social media to big data / _cedited by Ganaele Langlois, Joanna Redden and Greg Elmer. |
| 250 | _a1st ed. | ||
| 260 |
_aNew York : _bBloomsubry, _cc.2015. |
||
| 300 |
_aix, 284 p. : _c24 cm _bill. ; |
||
| 504 | _aIncludes bibliographical references and index. | ||
| 590 | _ashima | ||
| 650 | 7 |
_aData mining _xSocial aspects. _2BUEsh |
|
| 650 | 7 |
_aSocial media. _2BUEsh |
|
| 650 | 7 |
_aOnline social networks. _2BUEsh |
|
| 650 | 7 |
_aBig data _2BUEsh |
|
| 651 | _2BUEsh | ||
| 653 |
_bCOMAME _cNovember2016 |
||
| 700 | 1 |
_aLanglois, Ganaele, _eeditor. |
|
| 700 | 1 |
_aRedden, Joanna, _d1975- _eeditor. |
|
| 700 | 1 |
_aElmer, Greg, _d1967- _eeditor. |
|
| 942 | _2ddc | ||
| 999 |
_c23048 _d23020 |
||